| 000 | 00442nam a2200181Ia 4500 | ||
|---|---|---|---|
| 005 | 20250508162426.0 | ||
| 008 | 008 250505s9999 xx 000 0 eng d | ||
| 037 | _aTextual | ||
| 040 |
_aFEDL _beng _cFEDL |
||
| 041 |
_aeng _2eng |
||
| 084 |
_a808.8, MIS _qFEDL |
||
| 100 | _aMishra Chhabinath | ||
| 245 | 0 | _aNyayokti-Kosa | |
| 260 | _c1978 | ||
| 300 | _a201p. | ||
| 942 |
_cTEXL _h808.8, MIS |
||
| 999 |
_c1376461 _d1376461 |
||